000 00651nam a22002057a 4500
005 20251108171920.0
008 250721s2003 xx 000 0 ara d
082 1 4 _a613.8/غني
100 1 _aغنيم، خالد إسماعيل
245 1 0 _aالخبائث القاتلة :
_bالتدخين - الإيدز - المخدرات أضرارها و أثرها على المجتمع /
264 1 _aعمان :
_c2003.
300 _a133ص
490 0 _aهموم الحاضر و المستقبل
650 1 7 _aالمخدرات
650 1 7 _aالإيدز
650 1 7 _aالتدخين
650 1 7 _aالصحة
942 _2ddc
_cBK
999 _c65847
_d65847